| 000 | 00530nam a2200169 i 4500 | ||
|---|---|---|---|
| 001 | 86001 | ||
| 003 | ES-MaACL | ||
| 005 | 20230906175344.0 | ||
| 007 | t| | ||
| 008 | 041203s1966 sp ||||1| spa d | ||
| 100 | 1 |
_aKenian, Paul Rodger. _967832 |
|
| 245 | 1 | 0 |
_aCurso básico de transistores / _cpor Paul Rodger Kenian ; [traducido por Francisco Novau Molins]. |
| 260 |
_aMadrid : _bParaninfo, _c1966. |
||
| 300 |
_a253 p. : _bil. ; _c21 cm. |
||
| 700 | 1 |
_aNovau Molins, Francisco. _986068 |
|
| 852 |
_aES-MaACL _jC-30500 _bR.60897 |
||
| 999 |
_c86001 _d86001 |
||